Regions of Turkiye with images - Statistics

General Stats
  • This quiz has been taken 100 times
  • The average score is 2 of 7
Answer Stats
Picture Answer % Correct
Marmara
93%
Black sea
63%
Aegean
35%
Mediterranean
33%
Central Anatolian
7%
Eastern Anatolian
6%
South eastern Anatolian
2%
No matching quizzes found
Score Distribution
Percent of People with Each Score
Percentile by Number Answered
Your Score History
You have not taken this quiz